000
00274nam a22001097a 4500
082
_a
NR:62
_b
BHA
100
_a
BHATTACHARYA, S.
245
_a
From jhuming to tapping
260
_a
Agartala
_b
Directorate of Research, Government of Tripura
_c
1992
300
_a
85p.
942
_c
BK
999
_c
74698
_d
74698